000 00597nam a2200229Ia 4500
003 OSt
005 20220923230553.0
006 a|||||r|||| 00| 0
007 ta
008 Pun
024 _a283,317
037 _cTextual
040 _aARTS
_cARTS
_bPun
041 _2Pun
_aPun
082 _aO153,3NCH,HC, M6
100 _aਚਮਨ, Fਾਹ
_9169065
245 0 _aਹਨੇਰੇ ਚ ਘਿਰਿਆ ਮਨੁੱਖ
260 _c1986
650 _aਪੰਜਾਬੀ ਸਾਹਿਤ
942 _hO153,3NCH,HC, M6
_cTEXL
_2CC
999 _c385805
_d385805